Phan Huy Chú và dòng họ Phan Huy

Kaydedildi:
Detaylı Bibliyografya
Materyal Türü: Kitap
Dil:Undetermined
Baskı/Yayın Bilgisi: Hà Nội Sở VHTT tỉnh Hà Sơn Bình 1983
Konular:
Etiketler: Etiketle
Etiket eklenmemiş, İlk siz ekleyin!
Thư viện lưu trữ: Trung tâm Học liệu Trường Đại học Cần Thơ
LEADER 00457nam a2200145Ia 4500
001 CTU_8350
008 210402s9999 xx 000 0 und d
082 |a 895.922092 
082 |b Ph105 
245 0 |a Phan Huy Chú và dòng họ Phan Huy 
260 |a Hà Nội 
260 |b Sở VHTT tỉnh Hà Sơn Bình 
260 |c 1983 
650 |a vietnamese literature - 19th century - biography 
980 |a Trung tâm Học liệu Trường Đại học Cần Thơ